Reparar la escritura: didáctica de la corrección de lo escrito

Збережено в:
Бібліографічні деталі
Автор: Cassany, Daniel (Автор)
Формат: Книга
Мова:Іспанська
Опубліковано: Barcelona Graó 2007
Редагування:12a. ed
Серія:Biblioteca de Aula, 108
Предмети:
Теги: Додати тег
Немає тегів, Будьте першим, хто поставить тег для цього запису!

MARC

LEADER 00000nam a2200000 a 4500
001 UCH2544
003 CL-VaPUC
008 090618e20070000SP |||||||||||||||||spa|d
020 |a 9788478270507 
082 0 4 |a 372.623  |b CAS  |2 21 
100 0 |a Cassany, Daniel  |e author  |9 537410 
245 1 0 |a Reparar la escritura: didáctica de la corrección de lo escrito 
250 |a 12a. ed 
300 |a 129 p 
942 |c BK 
945 |d 20090618 00:00:00  |a rbrito 
260 |a Barcelona  |b Graó  |c 2007 
650 0 |a Composición literaria  |9 324494 
650 7 |a TECNICA DE CORRECCION  |2 CL-VaPUC  |9 537411 
650 0 |a Escritura  |9 264941 
650 0 |a Ortografía  |9 309144 
650 0 |a Redacción   |9 320524 
583 |a last modification  |c 20090618 00:00:00  |k Rodrigo Vera 
490 0 |a Biblioteca de Aula, 108 
999 |c 334270  |d 334268 
952 |0 0  |1 0  |4 0  |6 372_623000000000000_CAS_2007  |7 0  |8 A  |9 423219  |a BIBCUR  |b BIBCUR  |d 2019-11-22  |i 4562305  |l 3  |m 2  |o 372.623 CAS 2007  |p 4562305  |r 2025-04-22  |s 2024-06-24  |w 2019-11-22  |y BK  |k PER